| 000 | 00838nam a2200241 i 4500 | ||
|---|---|---|---|
| 001 | bg | ||
| 100 | 1 |
_aLENZ, Jakob Michael Reinhold _d(1751-1792) |
|
| 245 | 1 | 0 |
_aDie Soldaten : _beine Komödie / _cJakob Michael Reinhold Lenz ; Ammerkungen von Herbert Krämer, Nachwort von Manfred Windfuhr. |
| 260 |
_aStuttgart : _bPhilipp Reclam, _c2004. |
||
| 300 |
_a88 s. ; _c15 cm. |
||
| 490 | 1 |
_aUniversal-Bibliothek ; _v5899 |
|
| 650 | 9 |
_aDramat niemiecki _z18 w. |
|
| 650 | 9 |
_aKomedia niemiecka _y18 w. |
|
| 830 | _aUniversal-Bibliothek ; | ||
| 020 | _a3150058996 | ||
| 040 | _cBPK | ||
| 041 | 0 | _ager | |
| 080 | _a821.112.2-2 | ||
| 920 | _a3-15-005899-6 | ||
| 942 | _cKS | ||
| 008 | s pl f |000 0 pol | ||
| 999 |
_c45942 _d45942 |
||
| 856 |
_uhttp://koha.tu.koszalin.pl/cgi-bin/koha/opac-detail.pl?biblionumber=45942 _yKatalog online BPK |
||